LEADER 01074nam 2200373 450 001 9910480875403321 005 20210712212802.0 010 $a1-78969-592-9 035 $a(CKB)4100000011254398 035 $a(MiAaPQ)EBC6207603 035 $a(EXLCZ)994100000011254398 100 $a20200822d2020 uy 0 101 0 $aeng 135 $aurcnu|||||||| 181 $ctxt$2rdacontent 182 $cc$2rdamedia 183 $acr$2rdacarrier 200 00$aWorking at home in the ancient near east /$fedited by Juliette Mas and Palmiro Notizia 210 1$aOxford, England :$cArchaeopress,$d2020. 215 $a1 online resource (122 pages) $cillustrations 311 $a1-78969-591-0 606 $aDomestic space 608 $aElectronic books. 615 0$aDomestic space. 676 $a935 702 $aMas$b Juliette 702 $aNotizia$b Palmiro$f1980- 801 0$bMiAaPQ 801 1$bMiAaPQ 801 2$bMiAaPQ 906 $aBOOK 912 $a9910480875403321 996 $aWorking at home in the ancient near east$92245451 997 $aUNINA LEADER 01211nas 2200385- 450 001 9910228951503321 005 20241204164914.0 011 $a2461-1336 035 $a(OCoLC)1048188106 035 $a(CKB)4100000000886166 035 $a(CONSER)--2019238739 035 $a(EXLCZ)994100000000886166 100 $a20180612a200u9999 s-- - 101 0 $aind 135 $aurmn||||||||| 181 $ctxt$2rdacontent 182 $cc$2rdamedia 183 $acr$2rdacarrier 200 00$aInvotec 210 1$aBandung, Indonesia ::$cUniversitas Pendidikan Indonesia 215 $a1 online resource 300 $aRefereed/Peer-reviewed 311 08$a1411-5514 517 1 $aInnovation of Vocational Technology Education 606 $aTechnology$xVocational guidance$vPeriodicals 606 $aTechnology$xVocational guidance$2fast$3(OCoLC)fst01145248 608 $aPeriodicals.$2fast 615 0$aTechnology$xVocational guidance 615 7$aTechnology$xVocational guidance. 712 02$aUniversitas Negeri Semarang, 712 02$aIndonesian Association of Technical and Vocational Education, 906 $aJOURNAL 912 $a9910228951503321 996 $aInvotec$92573936 997 $aUNINA